Lửa trại và kỹ năng dẫn chương trình

Sách cung cấp những hiểu biết về sinh hoạt lửa trại và một số kỹ năng cần thiết để tổ chức tốt các sinh hoạt tập thể ở trại. Ngoài ra, trong phần cuối sách còn giới thiệu một số bài hát phục vụ cho những đêm lửa trại....

Volledige beschrijving

Bewaard in:
Bibliografische gegevens
Hoofdauteur: Tôn Thất Sam
Formaat: Boek
Taal:Undetermined
Gepubliceerd in: Tp. HCM Trẻ 2000
Onderwerpen:
Tags: Voeg label toe
Geen labels, Wees de eerste die dit record labelt!
Thư viện lưu trữ: Trung tâm Học liệu Trường Đại học Cần Thơ
LEADER 00954nam a2200205Ia 4500
001 CTU_37099
008 210402s9999 xx 000 0 und d
020 |b 8.700đ 
082 |a 796.545 
082 |b S104 
100 |a Tôn Thất Sam 
245 0 |a Lửa trại và kỹ năng dẫn chương trình 
245 0 |c Tôn Thất Sam, Tiến Lộc 
260 |a Tp. HCM 
260 |b Trẻ 
260 |c 2000 
520 |a Sách cung cấp những hiểu biết về sinh hoạt lửa trại và một số kỹ năng cần thiết để tổ chức tốt các sinh hoạt tập thể ở trại. Ngoài ra, trong phần cuối sách còn giới thiệu một số bài hát phục vụ cho những đêm lửa trại. 
650 |a campfires,camping,outdoor life,young adults - vietnam 
904 |i Minh, 000620 
980 |a Trung tâm Học liệu Trường Đại học Cần Thơ